Loading...
| Mythology | 0 | 5 | 0 | 1 | 50 | 24 | 82.60 | 1 | 2 |
| Science - Physics | 0 | 3 | 2 | 0 | 20 | 87 | 99.33 | 0 | 1 |
| Science - Biology | 0 | 2 | 0 | 2 | 20 | 134 | 134.50 | 0 | 0 |
| Religion | 0 | 2 | 0 | 0 | 20 | 85 | 89.00 | 0 | 0 |
| Any History | 0 | 2 | 1 | 0 | 15 | 69 | 83.50 | 0 | 2 |
| Literature - European Literature | 0 | 1 | 0 | 0 | 10 | 114 | 114.00 | 0 | 0 |
| Literature - World Literature | 0 | 1 | 0 | 0 | 10 | 63 | 63.00 | 0 | 0 |
| Literature - American Literature | 0 | 1 | 0 | 0 | 10 | 101 | 101.00 | 0 | 1 |
| Geography | 0 | 1 | 0 | 0 | 10 | 88 | 88.00 | 0 | 0 |
| Science - Other Science | 0 | 1 | 0 | 0 | 10 | 112 | 112.00 | 0 | 0 |
| History - European History | 0 | 1 | 0 | 0 | 10 | 93 | 93.00 | 0 | 0 |
| Fine Arts - Other Fine Arts | 0 | 1 | 2 | 0 | 0 | 157 | 157.00 | 0 | 0 |
| Philosophy | 0 | 0 | 1 | 0 | -5 | 0.00 | 0 | 0 |